Statistics for ACC Cities

Click here to take the quiz!

General Stats

  • This quiz has been taken 564 times
  • The average score is 10 of 15

Answer Stats

Answer% Correct
Clemson, SC
84%
Tallahassee, FL
78%
Coral Gables, FL
77%
Chapel Hill, NC
76%
Durham, NC
75%
Raleigh, NC
75%
Atlanta, GA
72%
Syracuse, NY
72%
Blacksburg, VA
66%
Louisville, KY
64%
Pittsburgh, PA
64%
Winston-Salem, NC
55%
Charlottesville, VA
54%
Chestnut Hill, MA
39%
South Bend, IN
35%

Score Distribution

Percentile by Number Answered

Percent of People with Each Score

Your Score History

You have not taken this quiz